Bộ luật hình sự của nước Cộng hòa xã hội chủ nghĩa Việt Nam

Giới thiệu các văn bản pháp luật của chính phủ và các Bộ, ngành có liên quan về việc thi hành Bộ Luật hình sự, hướng dẫn áp dụng một số qui định trong phần chung của Bộ Luật hình sự năm 1999...

Volledige beschrijving

Bewaard in:
Bibliografische gegevens
Coauteur: Việt Nam (Cộng Hòa Xã hội Chủ Nghĩa)
Formaat: Boek
Taal:Undetermined
Gepubliceerd in: Hà Nội Chính Trị Quốc Gia 2000
Onderwerpen:
Tags: Voeg label toe
Geen labels, Wees de eerste die dit record labelt!
Thư viện lưu trữ: Trung tâm Học liệu Trường Đại học Cần Thơ
LEADER 01000nam a2200217Ia 4500
001 CTU_36523
008 210402s9999 xx 000 0 und d
020 |c 15500 
082 |a 345.597 
082 |b V308 
110 |a Việt Nam (Cộng Hòa Xã hội Chủ Nghĩa) 
245 0 |a Bộ luật hình sự của nước Cộng hòa xã hội chủ nghĩa Việt Nam 
245 0 |c Việt Nam (Cộng Hòa Xã hội Chủ Nghĩa) 
260 |a Hà Nội 
260 |b Chính Trị Quốc Gia 
260 |c 2000 
520 |a Giới thiệu các văn bản pháp luật của chính phủ và các Bộ, ngành có liên quan về việc thi hành Bộ Luật hình sự, hướng dẫn áp dụng một số qui định trong phần chung của Bộ Luật hình sự năm 1999 
650 |a Criminal law 
650 |y Vietnam 
904 |i Minh 
980 |a Trung tâm Học liệu Trường Đại học Cần Thơ